Statistiques concernant Pays utilisant l'euro

Cliquez ici pour prendre le quiz!

Statistiques générales

  • Ce quiz a été pris 149 fois
  • Le résultat moyen est 15 sur 19

Statistiques - réponses

Pays% Correct
8France
100%
5Espagne
98%
11Italie
98%
1Allemagne
97%
17Portugal
95%
3Belgique
94%
16Pays-Bas
87%
14Luxembourg
85%
2Autriche
82%
9Grèce
82%
10Irlande
73%
7Finlande
69%
6Estonie
66%
12Lettonie
65%
13Lituanie
63%
19Slovénie
60%
15Malte
59%
18Slovaquie
57%
4Chypre
52%

Distribution des résultats

Percentile par nombre de réponses

% des personnes avec chaque résultat

Votre développement - résultats

Vous n’avez pas pris ce quiz